| 000 | 00000nam##2200000za#4500 |
| 001 | 9.694104 |
| 003 | CaOODSP |
| 005 | 20210624233951 |
| 007 | cr ||||||||||| |
| 008 | 150407|2011||||xxc|||||o f|0| 0 eng|d |
| 020 | |a978-1-100-17545-4 |
| 040 | |aCaOODSP|beng |
| 043 | |an-cn--- |
| 086 | 1 |aHS28-19/2011E-PDF |
| 110 | 1 |aCanada. |bHuman Resources and Skills Development Canada. |
| 245 | 10|aCanada Learning Bond : |h[electronic resource]|bget $500 for your child's future |
| 260 | |aOttawa - Ontario : |bHuman Resources and Skills Development Canada |cc2010. |
| 300 | |a8p.|bphotographs |
| 590 | |a11-17|b2011-04-29 |
| 690 | 07|aEducational funding|2gcpds |
| 775 | 08|tLe Bon d'études canadien : |w(CaOODSP)9.638285 |
| 776 | 0#|tCanada Learning Bond : |w(CaOODSP)9.672639 |
| 776 | 0#|tBon d'études canadien : |w(CaOODSP)9.672640 |
| 794 | |tCanada Learning Bond |w(CaOODSP)9.838788 |
| 856 | 40|ahttp://publications.gc.ca|qPDF|s761 KB|uhttps://publications.gc.ca/collections/collection_2011/rhdcc-hrsdc/HS28-19-2011-eng.pdf |
| 986 | |aLC-114-12-10 |